| 000 | 01789cam a22002174a 4500 | ||
|---|---|---|---|
| 005 | 20250605164216.0 | ||
| 008 | 250528s ||||||||||||||||||||||||d | ||
| 035 | _a20470 | ||
| 020 | _a582552249 | ||
| 040 |
_aGR-AtMCL _bgre _dGR-AtMCL _eAACR2 |
||
| 245 | 1 | _aEnglish Literature / A Survey for Students | |
| 250 | _a4th | ||
| 260 |
_bLongman, _c1978 |
||
| 300 | _a278 | ||
| 505 | 0 | _aForeword, What is Literature?, What is English Literature?, The First English Literature, The Coming of the Normads, Chaucer and After, Interlude - The English Bible, The Beginnings of Drama, The Beginnings of English Drama, Willian Shakespeare, Other Elizabethan Dramatists, Tudor Poetry and Prose, The age of Milton: End of a Period, The Age of Dryden, The New Drama, Poetry in the Age of Reason, Prose in the Age of Reason, The Romantics, The Victorian Age, Fresh Life in the Drama, The Coming of the Modern Age, To the Present Day, The British Novel Since 1950, English Verse Forms, Chronological Table, Suggestion for Further Reading, Index. | |
| 520 | _aForeword, What is Literature?, What is English Literature?, The First English Literature, The Coming of the Normads, Chaucer and After, Interlude - The English Bible, The Beginnings of Drama, The Beginnings of English Drama, Willian Shakespeare, Other Elizabethan Dramatists, Tudor Poetry and Prose, The age of Milton: End of a Period, The Age of Dryden, The New Drama, Poetry in the Age of Reason, Prose in the Age of Reason, The Romantics, The Victorian Age, Fresh Life in the Drama, The Coming of the Modern Age, To the Present Day, The British Novel Since 1950, English Verse Forms, Chronological Table, Suggestion for Further Reading, Index. | ||
| 700 | 1 |
_aBurgess Antony _96453 |
|
| 942 | _cBK | ||
| 999 |
_c5574 _d5574 |
||